| 000 | 00909nam a2200253Ia 4500 | ||
|---|---|---|---|
| 003 | OSt | ||
| 005 | 20220923211021.0 | ||
| 006 | a|||||r|||| 00| 0 | ||
| 007 | ta | ||
| 008 | 220922b |||||||| |||| 00| 0 hin d | ||
| 020 |
_a8170556104 (hbk) _c395 |
||
| 024 | _a241,175 | ||
| 037 |
_b516, 08/03/2010, Vani Prakashan _cTextual |
||
| 040 |
_aARTS _cARTS _bhin |
||
| 041 |
_2hin _ahin |
||
| 082 | _aY:1.212, 152N8 | ||
| 100 |
_aजी. गोपीनाथन, संपा. _9157180 |
||
| 245 | 0 | _aकेरल की सांस्कृतिक विरासत | |
| 246 | _aKeral kī sāanskṛutik virāsata | ||
| 260 |
_aनयी दिल्ली _b वाणी प्रकाशन _c1998 |
||
| 300 |
_a264पृ. _ccm. |
||
| 942 |
_hY:1.212, 152N8 _cTEXL _2CC |
||
| 999 |
_c293974 _d293974 |
||